00395nam a22001217a 4500003000400000082001600004100001700020245016800037260003500205300000700240650001800247653000800265SGT a618.2bC21K aKAUR, RAJVIR aTo Compare the Efficacy of Intramuscular Oxytocin versus Intravenous Oxytocin Infusion versus Sublingual Misoprostol for active management of third stage of Labour aGURUGRAMbSGT UNIVERSITYc2021 a48 aOBST. & GYNE. aM.S